Análisis de agregados gruesos para la fabricación de pavimentos rígidos, (Registro nro. 2370)

Detalles MARC
000 -LEADER
campo de control de longitud fija 02358nam a22003377a 4500
001 - NÚMERO DE CONTROL
campo de control 42835
003 - IDENTIFICADOR DE NÚMERO DE CONTROL
campo de control gtgccic
005 - FECHA Y HORA DE LA ÚLTIMA TRANSACCIÓN
campo de control 20251021155616.0
007 - CAMPO FIJO DE DESCRIPCIÓN FÍSICA--INFORMACIÓN GENERAL
campo de control de longitud fija ta
008 - DATOS DE LONGITUD FIJA--INFORMACIÓN GENERAL
campo de control de longitud fija 251021b gt ||||| |||| 00| 0 spa d
040 ## - FUENTE DE CATALOGACIÓN
Centro catalogador/agencia de origen gtgccic
Lengua de catalogación spa
Centro/agencia transcriptor gtgccic
Normas de descripción rda
084 ## - OTRO NÚMERO DE CLASIFICACIÓN
Número de control del registro de autoridad o número normalizado TPI-15-0073
100 10 - ENTRADA PRINCIPAL--NOMBRE DE PERSONA
Nombre de persona José Rodolfo Herrera Noriega
Fechas asociadas al nombre Ingeniero Civil
Término indicativo de función/relación autor
245 10 - MENCIÓN DEL TÍTULO
Título Análisis de agregados gruesos para la fabricación de pavimentos rígidos,
Resto del título en el departamento de Quetzaltenango /
Mención de responsabilidad, etc. Herrera Noriega, José Rodolfo
264 #1 - PRODUCCIÓN, PUBLICACIÓN, DISTRIBUCIÓN, FABRICACIÓN Y COPYRIGHT
Producción, publicación, distribución, fabricación y copyright Guatemala, Guatemala :
Nombre del de productor, editor, distribuidor, fabricante USAC, Facultad de Ingeniería ;
Fecha de producción, publicación, distribución, fabricación o copyright 2015.-
300 ## - DESCRIPCIÓN FÍSICA
Extensión xxxii, 59 p. :
Otras características físicas il. ;
Dimensiones 27 cm
336 ## - TIPO DE CONTENIDO
Fuente rdacontenido
Término de tipo de contenido Texto
Código de tipo de contenido txt
337 ## - TIPO DE MEDIO
Fuente rdamedio
Nombre/término del tipo de medio sin mediación
Código del tipo de medio n
338 ## - TIPO DE SOPORTE
Fuente rdasoporte
Nombre/término del tipo de soporte volumen
Código del tipo de soporte nc
502 ## - NOTA DE TESIS
Nota de tesis Tesis Postgrado
Tipo de título MAESTRO EN ARTES INGENIERÍA VIAL
Nombre de la institución que otorga el título USAC, Facultad de Ingeniería, Escuela de Postgrado
Año de obtención del título 2015
Identificador de la tesis TPI-15-0073
504 ## - NOTA DE BIBLIOGRAFÍA, ETC.
Nota de bibliografía, etc. Nota Bibliografía pag. 55
505 ## - NOTA DE CONTENIDO CON FORMATO
Título 1. RESEÑA HISTÓRICA Y GENERALIDADES DE LOS AGREGADOS GRUESOS
505 ## - NOTA DE CONTENIDO CON FORMATO
Título 2. PROCESO DE FABRICACIÓN DE LOS AGREGADOS GRUESOS DESDE LA CANTERA HASTA EL PUNTO DE VENTA, EN EL DEPARTAMENTO DE QUETZALTENANGO
505 ## - NOTA DE CONTENIDO CON FORMATO
Título 3. PRESENTACIÓN DE RESULTADOS
505 ## - NOTA DE CONTENIDO CON FORMATO
Título 4. DISCUSIÓN DE RESULTADOS
520 #3 - RESUMEN, ETC.
Sumario, etc. Se analizaron cinco tipos de agregados gruesos producidos en la cabecera departamental de Quetzaltenango (piedrín negro, azul, rosado, de río y base triturada) con la finalidad de conocer las propiedades de cada uno de ellos y determinar cuáles cumplen con las especificaciones de la Dirección General de Caminos -DGC- para uso en pavimentos de concreto hidráulico. Mediante los análisis realizados a los agregados gruesos se pudo determinar que únicamente dos de ellos (piedrín negro y azul), cumplen con todas las especificaciones que exige de la DGC, por lo que se recomienda utilizarlos en concretos para pavimentos, una de las características importantes que resalta en este tipo de agregados es su resistencia a la abrasión (ensayo de la máquina de los Ángeles) presentando un bajo desgaste de sus partículas que favorece el incremento de la resistencia estructural de un pavimento, estas pruebas se realizaron en las instalaciones de la empresa OCCIMIX.
650 ## - PUNTO DE ACCESO ADICIONAL DE MATERIA--TÉRMINO DE MATERIA
Término de materia o nombre geográfico como elemento de entrada PAVIMENTOS
700 ## - ENTRADA AGREGADA--NOMBRE PERSONAL
Nombre de persona MsC. Damaris Nohemí Monzón
Término indicativo de función/relación asesor
942 ## - ELEMENTOS DE ENTRADA SECUNDARIOS (KOHA)
Fuente de la clasificación o esquema de estantería Clasificación Decimal Dewey
Tipo de ítem Koha TESISPOSTGRADO
945 ## - PROCESAMIENTO DE INFORMACIÓN LOCAL (OCLC)
a amlo
Existencias
Estatus retirado Estado de pérdida Fuente de la clasificación o esquema de estantería Estado de daño No para préstamo Biblioteca de origen Biblioteca actual Fecha de adquisición Número de inventario Total de préstamos Signatura topográfica completa Código de barras Visto por última vez Precio de reemplazo Tipo de ítem Koha Nota pública
    Clasificación Decimal Dewey     CENTRO DE INFORMACIÓN A LA CONSTRUCCIÓN-CICON CENTRO DE INFORMACIÓN A LA CONSTRUCCIÓN-CICON 21/10/2025 P20150073   TPI-15-0073 20150073 21/10/2025 21/10/2025 TESISPOSTGRADO disponible